| 000 | 01241nam0a2200301 4500 | ||
|---|---|---|---|
| 001 | RU\NLR\BIBL_A\011630093 | ||
| 005 | 20180313165959.0 | ||
| 010 |
_a978-5-361-00511-6 _9500 |
||
| 021 |
_aRU _bКН-П-18-004043 _9КН-П-18-0278 |
||
| 035 | _a(NLR Aleph) 011630093 | ||
| 035 | _a(RuMoRGB)009523972 | ||
| 090 |
_a11029247 _c11029247 |
||
| 100 | _a20180215d2017 k y0rusy50 ca | ||
| 101 | 0 | _arus | |
| 102 | _aRU | ||
| 105 | _aa z 00yzy | ||
| 200 | 1 |
_aПовышение конкурентоспособности региона на основе кластерной политики: теория и методология _eмонография _fЕ. А. Стрябкова |
|
| 210 |
_aБелгород _cИзд-во БГТУ _d2017 |
||
| 215 |
_a223 с. _cил., табл. _d21 |
||
| 320 | _aБиблиогр.: с. 205-223 (231 назв.) | ||
| 607 |
_aБелгородская область _xНародное хозяйство _2nlr_sh1 _2nlr_sh2 _3RU\NLR\AUTH\66161253 |
||
| 686 | 1 | _aУ03(2Р-4Бл) | |
| 700 | 1 |
_aСтрябкова _bЕ. А. _gЕлена Анатольевна |
|
| 942 | _cBOOK | ||
| 980 | _aNBR | ||
| 980 | _aNB | ||